[Event "Ontario-ch U20"]
[Site "Toronto CAN"]
[Date "2011.02.12"]
[Round "3"]
[White "Sapozhnikov, Roman"]
[Black "Song, Terry"]
[Result "1-0"]
[WhiteElo "2430"]
[BlackElo "1929"]
[PlyCount "105"]
[GameId "2160767909812649"]
[EventDate "2011.02.12"]
[EventType "tourn"]
[EventRounds "4"]
[EventCountry "CAN"]

1. e4 c5 2. Nf3 d6 3. d4 cxd4 4. Nxd4 Nf6 5. Nc3 a6 6. Bg5 Nbd7 7. Qe2 Qc7 8. O-O-O b5 9. g3 Bb7 10. Bg2 h6 11. Bxf6 Nxf6 12. Nd5 Nxd5 13. exd5 Qc4 14. Qxc4 bxc4 15. Rhe1 g6 16. Re2 Rc8 17. f4 Bg7 18. Nc6 Rc7 19. Re3 Bf6 20. Ra3 O-O 21. c3 Bxc6 22. dxc6 Rd8 23. Rxa6 e6 24. Bf1 d5 25. Bxc4 dxc4 26. Rxd8+ Bxd8 27. Ra8 Rxc6 28. Rxd8+ Kg7 29. Kc2 Ra6 30. Rd4 Ra4 31. Kb1 g5 32. b3 Ra5 33. Rxc4 gxf4 34. gxf4 Rh5 35. a4 Rxh2 36. a5 Rd2 37. Rd4 Rg2 38. a6 Kf6 39. b4 h5 40. Rd8 h4 41. a7 h3 42. a8=Q Rg1+ 43. Kb2 h2 44. Qe4 h1=Q 45. Qxh1 Rxh1 46. b5 Ke7 47. Rd3 Rh5 48. c4 e5 49. fxe5 Rxe5 50. b6 Re2+ 51. Ka3 Re1 52. b7 Rb1 53. Rb3 1-0

[Event "Paul Keres mem (36th)"]
[Site "Richmond CAN"]
[Date "2011.05.20"]
[Round "1.1"]
[White "Orlov, Georgi"]
[Black "Kostin, Andrey"]
[Result "1/2-1/2"]
[WhiteElo "2537"]
[BlackElo "2084"]
[PlyCount "89"]
[GameId "2160767909704316"]
[EventDate "2011.05.20"]
[EventType "swiss"]
[EventRounds "7"]
[EventCountry "CAN"]

1. e4 e5 2. Nf3 Nc6 3. Bc4 Bc5 4. c3 Nf6 5. d3 d6 6. Nbd2 O-O 7. O-O Bb6 8. Bb3 a6 9. Nc4 Ba7 10. Bg5 Be6 11. Ne3 h6 12. Bh4 g5 13. Nxg5 hxg5 14. Bxg5 Nb8 15. Qf3 Nbd7 16. Qg3 Kg7 17. Rae1 Rh8 18. f4 Nh5 19. Qf3 Qe8 20. d4 f6 21. Bxe6 Qxe6 22. Nf5+ Kf8 23. Bh6+ Rxh6 24. Nxh6 Nxf4 25. g3 Ng6 26. Nf5 Ne7 27. Kh1 c6 28. Qe3 Nxf5 29. Rxf5 Ke7 30. Rh5 Rf8 31. d5 Qf7 32. Qf3 cxd5 33. exd5 Rg8 34. c4 Rg5 35. Rh4 Qg6 36. b4 Rf5 37. Qe4 Rg5 38. Qf3 Qf5 39. Qe2 Qf2 40. Qxf2 Bxf2 41. Re2 Ba7 42. Kg2 Kf7 43. a4 Bd4 44. a5 Kg7 45. Rc2 1/2-1/2

[Event "Paul Keres mem (36th)"]
[Site "Richmond CAN"]
[Date "2011.05.20"]
[Round "1.5"]
[White "Villavieja, Butch"]
[Black "Kyriakides, Savvas"]
[Result "1/2-1/2"]
[WhiteElo "2309"]
[BlackElo "2047"]
[PlyCount "81"]
[GameId "2160767909704319"]
[EventDate "2011.05.20"]
[EventType "swiss"]
[EventRounds "7"]
[EventCountry "CAN"]

1. e4 c6 2. d4 d5 3. exd5 cxd5 4. c4 e6 5. Nc3 Nf6 6. Bf4 dxc4 7. Bxc4 Bd6 8. Bg5 O-O 9. Nf3 Be7 10. O-O Nc6 11. Rc1 Nd5 12. Bxe7 Ndxe7 13. Qd2 Qa5 14. Rfd1 Bd7 15. Bd3 Rfd8 16. Qf4 Ng6 17. Bxg6 hxg6 18. d5 Qb4 19. Ne4 exd5 20. Ne5 Qe7 21. Rxd5 Be8 22. Nxc6 Bxc6 23. Re5 Qd7 24. Re1 Re8 25. Nc3 Rxe5 26. Rxe5 Re8 27. h3 Rxe5 28. Qxe5 Qd2 29. b4 f6 30. Qg3 Qb2 31. b5 Bxb5 32. Nxb5 Qxb5 33. Qb8+ Kh7 34. Qxa7 b6 35. a4 Qb4 36. g3 Qe1+ 37. Kg2 Qe4+ 38. Kh2 Qd4 39. Kg1 Qd1+ 40. Kg2 Qd5+ 41. Kg1 1/2-1/2

[Event "Paul Keres mem (36th)"]
[Site "Richmond CAN"]
[Date "2011.05.20"]
[Round "1.6"]
[White "Lai, Peter"]
[Black "Doroshenko, Maxim"]
[Result "0-1"]
[WhiteElo "1961"]
[BlackElo "2295"]
[PlyCount "78"]
[GameId "2160767909704320"]
[EventDate "2011.05.20"]
[EventType "swiss"]
[EventRounds "7"]
[EventCountry "CAN"]

1. d4 Nf6 2. c4 e6 3. Nc3 Bb4 4. Qc2 Nc6 5. Nf3 d5 6. e3 O-O 7. Bd3 Qe7 8. O-O h6 9. Bd2 dxc4 10. Bxc4 e5 11. d5 e4 12. dxc6 exf3 13. Nd5 Nxd5 14. Bxd5 fxg2 15. Bxg2 b6 16. Bxb4 Qxb4 17. Qe4 Qxe4 18. Bxe4 Be6 19. Rfd1 Rfd8 20. b3 Kf8 21. Rd4 Ke7 22. Rad1 a5 23. f4 g6 24. Kf2 a4 25. bxa4 Rxd4 26. Rxd4 Rd8 27. a3 Rxd4 28. exd4 Bb3 29. Ke3 Kd6 30. Kd3 Bxa4 31. d5 Kc5 32. Kc3 g5 33. f5 f6 34. Bf3 Bb5 35. Bg2 Be2 36. h3 Bh5 37. Kd3 Bf7 38. d6 Kxd6 39. Kd4 Be8 0-1

[Event "Paul Keres mem (36th)"]
[Site "Richmond CAN"]
[Date "2011.05.20"]
[Round "1.7"]
[White "Pechisker, Alfred"]
[Black "Pokora, Lubomir"]
[Result "1-0"]
[WhiteElo "2282"]
[BlackElo "1957"]
[PlyCount "67"]
[GameId "2160767909704321"]
[EventDate "2011.05.20"]
[EventType "swiss"]
[EventRounds "7"]
[EventCountry "CAN"]

1. d4 d5 2. c4 Nc6 3. Nf3 Bg4 4. e3 e5 5. dxe5 dxc4 6. Qa4 Bxf3 7. gxf3 Qd5 8. Nc3 Qxe5 9. Bxc4 O-O-O 10. Bd2 f5 11. O-O-O Bb4 12. a3 Ba5 13. f4 Qe8 14. b4 Bb6 15. b5 Nce7 16. Qb4 Nf6 17. a4 c6 18. a5 Bc7 19. b6 axb6 20. axb6 Bb8 21. Be6+ Nd7 22. Be1 Rf8 23. Na4 Rf6 24. Nc5 Nd5 25. Rxd5 cxd5 26. Qc3 d4 27. Qc4 Rxe6 28. Nxe6+ Nc5 29. Qxc5+ Kd7 30. Nxd8 Kxd8 31. Qxd4+ Kc8 32. Qc5+ Kd8 33. Qd5+ Kc8 34. Bb4 1-0

[Event "Paul Keres mem (36th)"]
[Site "Richmond CAN"]
[Date "2011.05.20"]
[Round "1.8"]
[White "Roback, Joe"]
[Black "Toubale, Tarek"]
[Result "1/2-1/2"]
[WhiteElo "1921"]
[BlackElo "2280"]
[PlyCount "76"]
[GameId "2160767909704322"]
[EventDate "2011.05.20"]
[EventType "swiss"]
[EventRounds "7"]
[EventCountry "CAN"]

1. e4 c5 2. Nf3 e6 3. d4 cxd4 4. Nxd4 a6 5. Bd3 Bc5 6. Nb3 Be7 7. O-O d6 8. c4 Nd7 9. Nc3 Ngf6 10. Kh1 b6 11. f4 Bb7 12. f5 Ne5 13. Nd4 Qd7 14. Bg5 Nc6 15. fxe6 fxe6 16. Nxc6 Bxc6 17. Bxf6 Bxf6 18. Qh5+ g6 19. Qh6 Qg7 20. Qh3 Bd7 21. e5 Bxe5 22. Qf3 Rb8 23. Ne4 Rf8 24. Qe3 h6 25. Rxf8+ Kxf8 26. Rf1+ Kg8 27. b3 g5 28. Be2 Bf4 29. Qd3 Bc6 30. Nf2 Rf8 31. Qh3 Qe5 32. Bd3 g4 33. Qxg4+ Kh8 34. Qh3 Rg8 35. Ng4 Qg5 36. Be2 Be4 37. Bf3 Bf5 38. g3 Bxg4 1/2-1/2

[Event "Paul Keres mem (36th)"]
[Site "Richmond CAN"]
[Date "2011.05.20"]
[Round "1.10"]
[White "Du, Han"]
[Black "Chen, Howard"]
[Result "0-1"]
[WhiteElo "1867"]
[BlackElo "2216"]
[PlyCount "118"]
[GameId "2160767909704323"]
[EventDate "2011.05.20"]
[EventType "swiss"]
[EventRounds "7"]
[EventCountry "CAN"]

1. e4 d6 2. d4 Nf6 3. Nc3 g6 4. Bg5 Bg7 5. Qd2 c6 6. Nf3 h6 7. Be3 Nbd7 8. h3 e5 9. dxe5 dxe5 10. O-O-O Qe7 11. a4 b6 12. Bc4 Bb7 13. Nh2 O-O-O 14. Qe2 Ne8 15. f3 Nc7 16. Kb1 Ne6 17. Bxe6 Qxe6 18. Rd2 Bf8 19. Na2 Nc5 20. Rxd8+ Kxd8 21. Rd1+ Kc8 22. Qd2 Be7 23. Nc3 h5 24. Bxc5 Bxc5 25. Ne2 Be7 26. Qc3 Rd8 27. Rxd8+ Bxd8 28. Nc1 Bc7 29. Nf1 c5 30. a5 Qd7 31. axb6 axb6 32. Qc4 Bc6 33. Nd3 Bb5 34. Qc3 Qd4 35. Qxd4 exd4 36. b3 Kd7 37. Nd2 Ke6 38. Kc1 h4 39. Kd1 g5 40. Ke1 f6 41. Ke2 Ke7 42. Ke1 Ke6 43. Ke2 Ba6 44. Nc4 Bb5 45. Nd2 Bc6 46. Kd1 Ke7 47. Ke2 Bg3 48. Nf1 Bd6 49. Nd2 b5 50. Nb2 Ke6 51. Nd3 Bb7 52. Kd1 Ba6 53. Nb2 Kd7 54. Ke2 Kc6 55. Kd3 Be5 56. Ke2 c4 57. bxc4 bxc4 58. Nbxc4 Kc5 59. Kd3 Kb4 0-1

[Event "Paul Keres mem (36th)"]
[Site "Richmond CAN"]
[Date "2011.05.21"]
[Round "2.3"]
[White "Doroshenko, Maxim"]
[Black "Patterson, Roger"]
[Result "1-0"]
[WhiteElo "2295"]
[BlackElo "2144"]
[PlyCount "53"]
[GameId "2160767909704326"]
[EventDate "2011.05.20"]
[EventType "swiss"]
[EventRounds "7"]
[EventCountry "CAN"]

1. d4 f5 2. g3 Nf6 3. Bg2 g6 4. Nh3 Bg7 5. O-O O-O 6. c3 d6 7. Qb3+ d5 8. Nf4 c6 9. Nd3 Nbd7 10. Nd2 Qe8 11. Nf3 Nh5 12. c4 e6 13. Nfe5 Ndf6 14. f3 dxc4 15. Qxc4 Nd5 16. e4 Nb6 17. Qb3 fxe4 18. fxe4 Rxf1+ 19. Bxf1 Nf6 20. Nc5 Kh8 21. Be3 Nbd7 22. Nexd7 Bxd7 23. Bh3 e5 24. Nxd7 Nxd7 25. Qxb7 Nb6 26. d5 Nc4 27. dxc6 1-0

[Event "Paul Keres mem (36th)"]
[Site "Richmond CAN"]
[Date "2011.05.21"]
[Round "2.4"]
[White "Chen, Howard"]
[Black "Pechisker, Alfred"]
[Result "1-0"]
[WhiteElo "2216"]
[BlackElo "2282"]
[PlyCount "59"]
[GameId "2160767909704327"]
[EventDate "2011.05.20"]
[EventType "swiss"]
[EventRounds "7"]
[EventCountry "CAN"]

1. g3 Nf6 2. Bg2 g6 3. e4 d6 4. Ne2 Bg7 5. O-O O-O 6. f4 c5 7. Nbc3 Nc6 8. h3 Rb8 9. g4 Nd7 10. d3 Nd4 11. Ng3 b5 12. Nd5 b4 13. g5 Nb6 14. Ne3 e5 15. f5 Qxg5 16. Kh2 Qh4 17. c3 Nc6 18. Bd2 bxc3 19. bxc3 Ba6 20. f6 Bxf6 21. Nef5 gxf5 22. Nxf5 Qf4+ 23. Rxf4 exf4 24. Bxf4 Ne5 25. d4 cxd4 26. cxd4 Nbc4 27. dxe5 Nxe5 28. Rb1 Rbc8 29. Qxd6 Rc6 30. Ne7+ 1-0

[Event "Paul Keres mem (36th)"]
[Site "Richmond CAN"]
[Date "2011.05.21"]
[Round "2.5"]
[White "Wu, Howard"]
[Black "Gentes, Kevin"]
[Result "0-1"]
[WhiteElo "2154"]
[BlackElo "2270"]
[PlyCount "82"]
[GameId "2160767909704328"]
[EventDate "2011.05.20"]
[EventType "swiss"]
[EventRounds "7"]
[EventCountry "CAN"]

1. e4 e6 2. d4 d5 3. Nd2 c5 4. exd5 exd5 5. Ngf3 Nc6 6. Bb5 Bd6 7. O-O Nge7 8. dxc5 Bxc5 9. Nb3 Bb6 10. Re1 O-O 11. c3 Nf5 12. Bd3 h6 13. Bxf5 Bxf5 14. Be3 Be4 15. Nbd4 Qf6 16. Nxc6 bxc6 17. Nd2 Bg6 18. Nb3 Qd6 19. Qd2 c5 20. Rad1 Rfd8 21. Bf4 Qc6 22. Re7 d4 23. cxd4 c4 24. Na5 Qa4 25. Bc7 Rxd4 26. Qxd4 Bxd4 27. Rxd4 Qxa2 28. h4 Qxb2 29. Rxc4 Qb5 30. Re5 Qb1+ 31. Kh2 f6 32. Re7 Re8 33. Nc6 Qb5 34. Rc3 Rxe7 35. Nxe7+ Kf7 36. Bd6 Qb6 37. Bc5 Qc7+ 38. g3 Be4 39. Bb4 Qb6 40. Bc5 Qb1 41. g4 g5 0-1

[Event "Paul Keres mem (36th)"]
[Site "Richmond CAN"]
[Date "2011.05.21"]
[Round "2.8"]
[White "Toubale, Tarek"]
[Black "Chan, James"]
[Result "1-0"]
[WhiteElo "2280"]
[BlackElo "2014"]
[PlyCount "99"]
[GameId "2160767909704330"]
[EventDate "2011.05.20"]
[EventType "swiss"]
[EventRounds "7"]
[EventCountry "CAN"]

1. e4 e5 2. Nc3 Nf6 3. g3 Bc5 4. Bg2 Nc6 5. h3 O-O 6. Nge2 Nd4 7. O-O c6 8. d3 a5 9. Kh2 d6 10. f4 Nd7 11. f5 b5 12. a3 Rb8 13. Nxd4 exd4 14. Ne2 f6 15. g4 Bb6 16. Bf4 Ne5 17. Ng3 c5 18. h4 c4 19. g5 g6 20. Bh3 Rb7 21. gxf6 Qxf6 22. Bg5 Qg7 23. Qd2 c3 24. bxc3 dxc3 25. Qf4 Qd7 26. Bh6 Rf7 27. Rad1 Bd4 28. Ne2 Nxd3 29. Rxd3 Be5 30. Qxe5 dxe5 31. Rxd7 Bxd7 32. Nxc3 b4 33. axb4 axb4 34. Nd5 b3 35. cxb3 Rxb3 36. Rf2 gxf5 37. Rg2+ Kh8 38. Nf6 Rb8 39. Nxd7 Rxd7 40. Bxf5 Rdb7 41. Be6 Re7 42. Bd5 Ra7 43. Rg5 Rb2+ 44. Kg3 Ra3+ 45. Kg4 Rg2+ 46. Kf5 Rf3+ 47. Kxe5 Rxg5+ 48. Bxg5 Kg7 49. Be7 h6 50. Ke6 1-0

[Event "Paul Keres mem (36th)"]
[Site "Richmond CAN"]
[Date "2011.05.21"]
[Round "2.9"]
[White "Kostin, Andrey"]
[Black "Molden, Leonard"]
[Result "1-0"]
[WhiteElo "2084"]
[BlackElo "1995"]
[PlyCount "103"]
[GameId "2160767909704331"]
[EventDate "2011.05.20"]
[EventType "swiss"]
[EventRounds "7"]
[EventCountry "CAN"]

1. e4 d5 2. exd5 Qxd5 3. Nc3 Qd8 4. d4 Nf6 5. Nf3 c6 6. h3 Be6 7. Bd3 g6 8. O-O Bg7 9. Ne2 O-O 10. c3 Nd5 11. Bd2 h6 12. c4 Nb6 13. Ba5 Qc8 14. Qc2 f5 15. Nf4 Bf7 16. Rfe1 e6 17. Ne5 Bxe5 18. Rxe5 g5 19. Ne2 N8d7 20. Re3 f4 21. Bh7+ Kh8 22. Rc3 Nf6 23. Bd3 Nbd7 24. Rb3 b6 25. Bc3 Kg8 26. Ra3 a6 27. b4 b5 28. Bb2 Bh5 29. Bg6 Kg7 30. Bxh5 Nxh5 31. d5+ e5 32. Qe4 cxd5 33. Bxe5+ Nxe5 34. Qxe5+ Nf6 35. Nd4 Kg6 36. cxd5 Re8 37. Ne6 Ra7 38. Rd1 Rae7 39. g4 Qc2 40. Rad3 Qc4 41. h4 Nxg4 42. h5+ Kh7 43. Qf5+ Kh8 44. Qxg4 Qe4 45. Qf3 Qf5 46. Rd4 Rc8 47. Nc5 Rce8 48. d6 Re1+ 49. Kg2 R1e3 50. fxe3 Rxe3 51. d7 g4 52. d8=Q+ 1-0

[Event "Paul Keres mem (36th)"]
[Site "Richmond CAN"]
[Date "2011.05.21"]
[Round "2.10"]
[White "Kyriakides, Savvas"]
[Black "Roback, Joe"]
[Result "1-0"]
[WhiteElo "2047"]
[BlackElo "1921"]
[PlyCount "101"]
[GameId "2160767909704332"]
[EventDate "2011.05.20"]
[EventType "swiss"]
[EventRounds "7"]
[EventCountry "CAN"]

1. e4 c5 2. Nf3 d6 3. d4 cxd4 4. Nxd4 Nf6 5. Nc3 e6 6. Be3 Be7 7. Be2 Nc6 8. O-O Bd7 9. Qd2 a6 10. Rad1 O-O 11. f4 Qc7 12. f5 Ne5 13. Kh1 b5 14. a3 Rac8 15. Qe1 Nc4 16. Bxc4 Qxc4 17. Bg5 Kh8 18. Rf3 Bd8 19. Qh4 Ng8 20. Nce2 Bxg5 21. Qxg5 f6 22. Qd2 e5 23. Rc3 Qf7 24. Nf3 Bc6 25. Qxd6 Ne7 26. Ng3 Rfe8 27. Qd2 Ng8 28. Qe3 Qb7 29. Rcd3 Nh6 30. h3 a5 31. Nd2 a4 32. b3 Nf7 33. b4 Ng5 34. h4 Nf7 35. c4 Nh6 36. c5 Rcd8 37. Nb1 Qc7 38. Nc3 Rxd3 39. Rxd3 Nf7 40. Qd2 Qb7 41. Nd5 Nh6 42. Nxf6 Rf8 43. Nd7 Re8 44. f6 Nf7 45. fxg7+ Kxg7 46. Nf5+ Kh8 47. Nf6 Rf8 48. Nd5 Re8 49. Qe3 Nd8 50. Qh6 Ne6 51. Qf6+ 1-0

[Event "Paul Keres mem (36th)"]
[Site "Richmond CAN"]
[Date "2011.05.21"]
[Round "3.3"]
[White "Orlov, Georgi"]
[Black "Chen, Howard"]
[Result "1-0"]
[WhiteElo "2537"]
[BlackElo "2216"]
[PlyCount "105"]
[GameId "2160767909704335"]
[EventDate "2011.05.20"]
[EventType "swiss"]
[EventRounds "7"]
[EventCountry "CAN"]

1. e4 d6 2. d4 Nf6 3. Nc3 g6 4. f3 Bg7 5. Be3 c6 6. Qd2 b5 7. Nge2 Nbd7 8. g4 h6 9. Ng3 Nb6 10. b3 a6 11. h4 h5 12. g5 Nfd7 13. f4 c5 14. Bg2 Bb7 15. Rd1 Qc7 16. d5 O-O-O 17. O-O e6 18. dxe6 fxe6 19. a4 bxa4 20. e5 d5 21. Nxa4 Bf8 22. Qd3 Rg8 23. Nxb6+ Nxb6 24. Ra1 Rg7 25. Rfd1 Re8 26. Ra2 Kb8 27. Rda1 Na8 28. Ra5 Qb6 29. c4 Nc7 30. Qc2 Rd8 31. R5a2 d4 32. Qd3 Bxg2 33. Rxg2 Kb7 34. Bd2 Ra8 35. Ne4 Qc6 36. Ba5 Rf7 37. Nf6 Rg7 38. Rga2 Kc8 39. Ra3 Ra7 40. Kf2 Ra8 41. Ra4 Ra7 42. Kg3 Ra8 43. Ne4 Rf7 44. Qf3 Qb7 45. Bd2 Ne8 46. b4 cxb4 47. c5 a5 48. Bxb4 Nc7 49. c6 Qxc6 50. Bxf8 Rxf8 51. Rc4 Qd5 52. Rc5 Qd8 53. Nd6+ 1-0

[Event "Paul Keres mem (36th)"]
[Site "Richmond CAN"]
[Date "2011.05.21"]
[Round "3.5"]
[White "Escandor, Manuel Omana"]
[Black "Villavieja, Butch"]
[Result "0-1"]
[WhiteElo "1758"]
[BlackElo "2309"]
[PlyCount "58"]
[GameId "2160767909704336"]
[EventDate "2011.05.20"]
[EventType "swiss"]
[EventRounds "7"]
[EventCountry "CAN"]

1. e4 c5 2. Nf3 d6 3. Nc3 Nf6 4. Be2 g6 5. h3 Bg7 6. d3 O-O 7. O-O Nc6 8. Be3 a6 9. a3 b5 10. Na2 a5 11. Qd2 Re8 12. Rab1 b4 13. a4 Ba6 14. c4 Nd7 15. Bg5 Qb6 16. b3 Bb7 17. Bh6 Bh8 18. Nh4 Nd4 19. f4 e6 20. f5 exf5 21. Nxf5 Nxf5 22. Rxf5 Bd4+ 23. Kh2 gxf5 24. Rf1 fxe4 25. Qg5+ Kh8 26. Rxf7 Rg8 27. Qe7 Nf6 28. Rxf6 Qd8 29. Bg7+ Rxg7 0-1

[Event "Paul Keres mem (36th)"]
[Site "Richmond CAN"]
[Date "2011.05.21"]
[Round "3.6"]
[White "Pechisker, Alfred"]
[Black "Kyriakides, Savvas"]
[Result "1-0"]
[WhiteElo "2282"]
[BlackElo "2047"]
[PlyCount "79"]
[GameId "2160767909704337"]
[EventDate "2011.05.20"]
[EventType "swiss"]
[EventRounds "7"]
[EventCountry "CAN"]

1. d4 Nf6 2. c4 g6 3. Nc3 Bg7 4. e4 d6 5. f3 e5 6. d5 Nh5 7. Nge2 f5 8. Be3 Nf6 9. Qd2 a6 10. Nc1 Bd7 11. b4 a5 12. bxa5 Rxa5 13. Nb3 Ra8 14. c5 dxc5 15. Nxc5 b6 16. Nxd7 Nbxd7 17. Bb5 O-O 18. O-O Ne8 19. Bc6 Ra5 20. Nb5 Nb8 21. Qc2 Nd6 22. a4 fxe4 23. fxe4 Nxc6 24. Qxc6 Nxb5 25. axb5 Rxa1 26. Rxa1 Qe7 27. Qc4 Qd6 28. Bd2 Qf6 29. d6+ Qf7 30. Qxf7+ Rxf7 31. Ra8+ Bf8 32. dxc7 Rxc7 33. Bh6 Rf7 34. h4 Rf6 35. g3 g5 36. hxg5 Rxh6 37. gxh6 Kf7 38. Kf2 Bxh6 39. Kf3 Bd2 40. Ra6 1-0

[Event "Paul Keres mem (36th)"]
[Site "Richmond CAN"]
[Date "2011.05.21"]
[Round "3.8"]
[White "Kong, Dezheng"]
[Black "Kostadinov, George"]
[Result "1-0"]
[WhiteElo "2053"]
[BlackElo "2184"]
[PlyCount "127"]
[GameId "2160767909704338"]
[EventDate "2011.05.20"]
[EventType "swiss"]
[EventRounds "7"]
[EventCountry "CAN"]

1. Nf3 c5 2. c4 Nc6 3. Nc3 g6 4. g3 Bg7 5. Bg2 Nf6 6. d4 cxd4 7. Nxd4 O-O 8. O-O Qb6 9. Nb3 d6 10. Be3 Qb4 11. c5 Be6 12. cxd6 Bxb3 13. Qxb3 Qxb3 14. axb3 exd6 15. Nb5 d5 16. Nc7 Rac8 17. Nxd5 Nxd5 18. Bxd5 Bxb2 19. Rab1 Bf6 20. Bxc6 Rxc6 21. Bxa7 Ra8 22. Be3 Kg7 23. Rfc1 Rxc1+ 24. Rxc1 Ra3 25. b4 Rb3 26. Rc4 Be5 27. Bd4 Kf6 28. f4 Bxd4+ 29. Rxd4 Ke6 30. Kf2 f5 31. h3 h6 32. e3 g5 33. Kf3 b5 34. g4 fxg4+ 35. hxg4 gxf4 36. Kxf4 Rb1 37. Ke4 Rb3 38. Kf4 Rb1 39. Re4+ Kf6 40. Kf3 Rb2 41. Kg3 Rc2 42. Rf4+ Ke5 43. Rf5+ Ke4 44. Rxb5 Re2 45. Rb6 Rxe3+ 46. Kh4 Rb3 47. Rxh6 Rxb4 48. Rf6 Ke5 49. Rf1 Rb7 50. g5 Rh7+ 51. Kg4 Ke6 52. g6 Rh2 53. Kg5 Ke7 54. g7 Rg2+ 55. Kh6 Rh2+ 56. Kg6 Rg2+ 57. Kh7 Rh2+ 58. Kg8 Rh3 59. Re1+ Kd7 60. Re4 Rh2 61. Kf7 Rf2+ 62. Kg6 Rg2+ 63. Kf6 Rg1 64. Re5 1-0

[Event "Paul Keres mem (36th)"]
[Site "Richmond CAN"]
[Date "2011.05.21"]
[Round "3.9"]
[White "Willis, Bradley"]
[Black "Pokora, Lubomir"]
[Result "1/2-1/2"]
[WhiteElo "2156"]
[BlackElo "1957"]
[PlyCount "32"]
[GameId "2160767909704339"]
[EventDate "2011.05.20"]
[EventType "swiss"]
[EventRounds "7"]
[EventCountry "CAN"]

1. f4 Nf6 2. Nf3 g6 3. e3 d6 4. Be2 Bg7 5. O-O c5 6. Nc3 Nc6 7. d3 O-O 8. Qe1 Rb8 9. a4 a6 10. Qh4 Bd7 11. e4 Ne8 12. f5 e6 13. Bg5 f6 14. fxg6 hxg6 15. Bh6 Qe7 16. Bxg7 Qxg7 1/2-1/2

[Event "Paul Keres mem (36th)"]
[Site "Richmond CAN"]
[Date "2011.05.21"]
[Round "3.10"]
[White "Lai, Peter"]
[Black "Wu, Howard"]
[Result "1-0"]
[WhiteElo "1961"]
[BlackElo "2154"]
[PlyCount "113"]
[GameId "2160767909704340"]
[EventDate "2011.05.20"]
[EventType "swiss"]
[EventRounds "7"]
[EventCountry "CAN"]

1. d4 c5 2. d5 Nf6 3. c4 b5 4. Qc2 bxc4 5. e4 d6 6. Bxc4 g6 7. Nf3 Bg7 8. O-O O-O 9. Nc3 Nbd7 10. Be2 Qb6 11. h3 Ba6 12. Be3 Bxe2 13. Qxe2 Rab8 14. Rab1 Qa5 15. Rfc1 Rb7 16. Bd2 Rfb8 17. b3 Qa3 18. Rc2 Rb4 19. Rbc1 R4b6 20. Na4 R6b7 21. Ne1 Nb6 22. Nc3 c4 23. Nb5 Qa6 24. bxc4 Nfd7 25. Be3 Qa4 26. Nd4 Rc8 27. Nc6 Ne5 28. c5 dxc5 29. Nxe5 Bxe5 30. Bxc5 Rcb8 31. Nd3 Bf6 32. Kf1 Nd7 33. Rc4 Qa5 34. e5 Bg7 35. e6 fxe6 36. Qxe6+ Kh8 37. Bxe7 Qd2 38. Qe2 Qxe2+ 39. Kxe2 Nb6 40. Re4 Nxd5 41. Bd6 Rd8 42. Be5 Bxe5 43. Rxe5 Kg7 44. g3 Rd6 45. f4 Ne7 46. Rec5 Nd5 47. Ne5 g5 48. Rd1 Rb2+ 49. Kf3 gxf4 50. gxf4 Rxa2 51. Rcxd5 Ra3+ 52. Kg4 h5+ 53. Kxh5 Rxd5 54. Rxd5 Rxh3+ 55. Kg5 Rg3+ 56. Ng4 a6 57. Ra5 1-0

[Event "Paul Keres mem (36th)"]
[Site "Richmond CAN"]
[Date "2011.05.22"]
[Round "4.1"]
[White "Villavieja, Butch"]
[Black "Orlov, Georgi"]
[Result "1/2-1/2"]
[WhiteElo "2309"]
[BlackElo "2537"]
[PlyCount "84"]
[GameId "2160767909704341"]
[EventDate "2011.05.20"]
[EventType "swiss"]
[EventRounds "7"]
[EventCountry "CAN"]

1. e4 d6 2. d4 Nf6 3. Nc3 g6 4. f4 Bg7 5. Nf3 O-O 6. Bd3 Na6 7. e5 Nd7 8. Ne4 Nb6 9. c3 Bf5 10. O-O c5 11. Nh4 Bxe4 12. Bxe4 d5 13. Bd3 cxd4 14. cxd4 e6 15. Qe1 Rc8 16. a3 Nc4 17. Qf2 f6 18. Nf3 Qb6 19. Kh1 Nb8 20. Rb1 Nd7 21. b3 Na5 22. Bd2 Nc6 23. Qe3 Rce8 24. Qf2 fxe5 25. dxe5 Qxf2 26. Rxf2 Nc5 27. Bc2 Bh6 28. g3 Ne4 29. Re2 Nxd2 30. Rxd2 Rc8 31. b4 g5 32. b5 Na5 33. Nd4 gxf4 34. gxf4 Rxf4 35. Nxe6 Rfc4 36. Rg2+ Kf7 37. Bf5 Rc1+ 38. Rxc1 Rxc1+ 39. Rg1 Nc4 40. Nd8+ Ke7 41. Nxb7 Rxg1+ 42. Kxg1 Nxa3 1/2-1/2

[Event "Paul Keres mem (36th)"]
[Site "Richmond CAN"]
[Date "2011.05.22"]
[Round "4.5"]
[White "Kostin, Andrey"]
[Black "Pechisker, Alfred"]
[Result "0-1"]
[WhiteElo "2084"]
[BlackElo "2282"]
[PlyCount "82"]
[GameId "2160767909704344"]
[EventDate "2011.05.20"]
[EventType "swiss"]
[EventRounds "7"]
[EventCountry "CAN"]

1. e4 c5 2. Nf3 d6 3. d4 cxd4 4. Nxd4 Nf6 5. Nc3 a6 6. Be3 e6 7. a4 Qc7 8. Be2 Be7 9. O-O O-O 10. Bf3 Nbd7 11. g3 Ne5 12. Bg2 Nfd7 13. f4 Nc4 14. Bc1 Qb6 15. Qd3 Nce5 16. fxe5 dxe5 17. Be3 exd4 18. Bxd4 Bc5 19. Bxc5 Qxc5+ 20. Kh1 Ne5 21. Qe2 Bd7 22. Nd1 b5 23. Qf2 Qxf2 24. Rxf2 bxa4 25. Nc3 Rfb8 26. Nxa4 Bxa4 27. Rxa4 Rxb2 28. Bf1 a5 29. Rd2 Kf8 30. Be2 Ke7 31. Kg2 Rb4 32. Rxb4 axb4 33. Rd4 Ra2 34. Rxb4 Rxc2 35. Kf1 Kf6 36. Ra4 g5 37. h3 Nc6 38. Kf2 Ke5 39. Ke3 Rb2 40. Ra8 Rb3+ 41. Kf2 Kxe4 0-1

[Event "Paul Keres mem (36th)"]
[Site "Richmond CAN"]
[Date "2011.05.22"]
[Round "4.6"]
[White "Soliven, Joe"]
[Black "Toubale, Tarek"]
[Result "0-1"]
[WhiteElo "2084"]
[BlackElo "2280"]
[PlyCount "126"]
[GameId "2160767909704345"]
[EventDate "2011.05.20"]
[EventType "swiss"]
[EventRounds "7"]
[EventCountry "CAN"]

1. Nf3 Nf6 2. g3 g6 3. Bg2 Bg7 4. O-O O-O 5. d3 d5 6. c3 c5 7. Nbd2 Nc6 8. Re1 d4 9. cxd4 cxd4 10. Nc4 Nd5 11. Bg5 h6 12. Bd2 Be6 13. Qc1 Kh7 14. a4 Rc8 15. a5 b5 16. axb6 axb6 17. Qd1 b5 18. Na5 Ncb4 19. Rf1 Qb6 20. Nb3 Rc2 21. Bc1 Rfc8 22. Ne1 R2c7 23. h4 Nf6 24. Nd2 Na2 25. Nc2 Rxc2 26. Nc4 R8xc4 27. dxc4 Rxc1 28. Rxc1 Nxc1 29. Qxc1 bxc4 30. Rd1 h5 31. Qd2 Ng4 32. Bf3 c3 33. bxc3 dxc3 34. Qe1 Nxf2 35. Qxf2 c2 36. e3 cxd1=Q+ 37. Bxd1 Qb1 38. Qc2 Qxc2 39. Bxc2 Be5 40. Kf2 Bg4 41. Bb3 Kg7 42. Bc4 Kf6 43. Bb3 Be6 44. Bc2 Bd5 45. Bd1 Bd6 46. Be2 Ke5 47. Bd3 Kf6 48. Be2 Kf5 49. Bd1 Bc5 50. Be2 e6 51. Bd1 Bb6 52. Bc2+ Be4 53. Ba4 Bd5 54. Bd1 e5 55. Be2 Ke6 56. Bd3 f5 57. Ke2 Kd6 58. Bb5 Bf7 59. Ba4 e4 60. Bb5 Kc5 61. Ba4 Kb4 62. Bd7 Kc3 63. Ba4 Bc7 0-1

[Event "Paul Keres mem (36th)"]
[Site "Richmond CAN"]
[Date "2011.05.22"]
[Round "4.7"]
[White "Chen, Howard"]
[Black "Kong, Dezheng"]
[Result "0-1"]
[WhiteElo "2216"]
[BlackElo "2053"]
[PlyCount "96"]
[GameId "2160767909704346"]
[EventDate "2011.05.20"]
[EventType "swiss"]
[EventRounds "7"]
[EventCountry "CAN"]

1. g3 d5 2. Bg2 e5 3. d3 Nf6 4. Nd2 Be6 5. Ngf3 Nbd7 6. e4 dxe4 7. dxe4 Bd6 8. h3 h6 9. Nh4 g6 10. Qe2 Nb6 11. a4 a5 12. b3 Qd7 13. Bb2 Qc6 14. Rc1 O-O-O 15. Nhf3 Nfd7 16. O-O g5 17. Nh2 h5 18. Rfd1 Nc5 19. Nhf1 f6 20. Ne3 Qd7 21. Kh2 Na6 22. Nec4 Nxc4 23. Nxc4 Bxc4 24. Qxc4 Qe7 25. Bf1 Bc5 26. Qe2 Nb4 27. c3 Nc6 28. Qf3 Kb8 29. Qf5 Rxd1 30. Rxd1 Rd8 31. Rd5 Qf8 32. Qf3 g4 33. Qe2 gxh3 34. Bxh3 Bb6 35. Kg2 Qh6 36. Ba3 Rg8 37. Qd2 Rg6 38. Bc1 Qf8 39. Qe2 Rg8 40. Qxh5 Ne7 41. Bh6 Nxd5 42. exd5 Qc5 43. Qf3 e4 44. Qxf6 Rg6 45. Qd8+ Ka7 46. Be3 Qxc3 47. Bf5 Rd6 48. Bxb6+ Kxb6 0-1